|
|
|
|
| LEADER |
01565nam a2200301 a 4500 |
| 001 |
12269611 |
| 003 |
BD-DhAAL |
| 008 |
091205s2001 njua b 001 0 eng d |
| 010 |
|
|
|a 2001016394
|
| 020 |
|
|
|a 0201824981 (alk. paper)
|
| 040 |
|
|
|a DLC
|c DLC
|d DLC
|d BD-DhAAL
|
| 082 |
0 |
0 |
|a 621.48
|2 21
|
| 100 |
1 |
|
|a Lamarsh, John R.
|9 9524
|
| 245 |
1 |
0 |
|a Introduction to nuclear engineering /
|c John R. Lamarsh, Anthony J. Baratta.
|
| 250 |
|
|
|a Third edition.
|
| 260 |
|
|
|a Upper Saddle River, N.J. :
|b Prentice Hall,
|c c2001.
|
| 300 |
|
|
|a xv, 783 pages :
|b illustrations ;
|c 25 cm.
|
| 490 |
0 |
|
|a Addison-Wesley series in nuclear science and engineering
|
| 504 |
|
|
|a Includes bibliographical references and index.
|
| 526 |
|
|
|x Fardousi Ara Begum
Assistant Professor
Department of Mathematics and Natural Sciences
Course name and no.: N/A
|
| 541 |
1 |
|
|a Trust line International
|e 00019604
|
| 650 |
|
0 |
|a Nuclear engineering.
|9 9525
|
| 700 |
1 |
|
|a Baratta, Anthony John,
|d 1945-
|9 9526
|
| 852 |
4 |
|
|a Ayesha Abed Library
|j General Shelf.
|
| 942 |
|
|
|2 ddc
|c BK
|
| 999 |
|
|
|c 6006
|d 6006
|
| 952 |
|
|
|0 0
|1 0
|2 ddc
|4 0
|6 621_480000000000000_LAM_2001
|7 0
|9 5992
|a BRACUL
|b BRACUL
|c GEN
|d 2009-12-07
|e Trust Line International
|g 10475.00
|l 3
|m 25
|o 621.48 LAM
|p 3010019604
|r 2017-12-24
|s 2017-11-16
|t 1
|w 2009-12-07
|y BK
|x Requisitioned by Fardousi Ara Begum, Assistant Professor, Department of MNS. Course name and no. "not available"
|
| 952 |
|
|
|0 0
|1 0
|2 ddc
|4 0
|6 621_480000000000000_LAM_2001
|7 0
|9 6710
|a BRACUL
|b BRACUL
|c GEN
|d 2009-12-31
|g 10475.00
|l 2
|m 7
|o 621.48 LAM
|p 3010019661
|r 2024-09-07
|s 2024-03-19
|t 2
|w 2009-12-31
|y BK
|